000 00299nam a2200121Ia 4500
008 190216s9999||||xx |||||||||||||| ||und||
100 _aPrasad Lm
245 0 _aPrinciples And Practice Of Management
260 _bNew Central Book Agencies
_c1979
300 _a730
650 _aCommerce
942 _cBK
999 _c5545
_d5545